Arte-terapia (Record n. 88582)
[ formato base ]
| 000 -LEADER | |
|---|---|
| fixed length control field | 01371nam a2200313Ia 4500 |
| 001 - CONTROL NUMBER | |
| control field | 94969 |
| 003 - CONTROL NUMBER IDENTIFIER | |
| control field | IT-RoPAU |
| 008 - FIXED-LENGTH DATA ELEMENTS--GENERAL INFORMATION | |
| fixed length control field | 130308s9999 xx 000 0 und d |
| 040 ## - CATALOGING SOURCE | |
| Original cataloging agency | IT-RoPAU |
| 040 ## - CATALOGING SOURCE | |
| Transcribing agency | IT-RoPAU |
| 041 ## - LANGUAGE CODE | |
| Language code of text/sound track or separate title | ITALIANO |
| 100 ## - MAIN ENTRY--PERSONAL NAME | |
| Personal name | Muret Marc |
| 100 ## - MAIN ENTRY--PERSONAL NAME | |
| Miscellaneous information | Codice Aut. SPICS: 33160 |
| 240 ## - UNIFORM TITLE | |
| Uniform title | ARTS-THERAPIES (LES) |
| 240 ## - UNIFORM TITLE | |
| Miscellaneous information | Codice Tit. Orig. Spics: T2274 |
| 245 ## - TITLE STATEMENT | |
| Title | Arte-terapia |
| 245 ## - TITLE STATEMENT | |
| Remainder of title | Arte-Terapia |
| 250 ## - EDITION STATEMENT | |
| Edition statement | 1a ed. |
| 260 ## - PUBLICATION, DISTRIBUTION, ETC. (IMPRINT) | |
| Place of publication, distribution, etc. | COMO |
| 260 ## - PUBLICATION, DISTRIBUTION, ETC. (IMPRINT) | |
| Name of publisher, distributor, etc. | RED Edizioni |
| 260 ## - PUBLICATION, DISTRIBUTION, ETC. (IMPRINT) | |
| Date of publication, distribution, etc. | 1991 [1° Ed.:1991 - Ed.Ling.Originale:1983] |
| 300 ## - PHYSICAL DESCRIPTION | |
| Extent | "190 p. (prefazione: no ; testo: 190 [pagine: 0-0])" |
| 500 ## - GENERAL NOTE | |
| General note | L'Arte Puo' Guarire? Funzione dell'arte Biologia Gioco e Magia Arte tribale e Arte Contemporanea Meccanismi della Creazione Artistica Secondo Psicanalisti e Neurofisiologi Terapie con L'Arte Dalle Origini al Novecento medici Artisti cura Morale Disegno Pittura Modellatura Sviluppo e Pratica dell'arte terapia Giovani Punk Musicoterapie Ricettive e Attive Terapie con la Danza Danza tribale e moderna Illusione Teatrale Teatro Moderno e Psicodramma Terapie con Il Teatro fotografia Cinema video Letteratura professione Arte Terapeuta terapia e Terapeuta Oltre la terapia Bibliografia |
| 650 ## - SUBJECT ADDED ENTRY--TOPICAL TERM | |
| Topical term or geographic name as entry element | SAGGI DI PSICOLOGIA |
| 650 ## - SUBJECT ADDED ENTRY--TOPICAL TERM | |
| Relator term | Codice materia Spics: 3607 |
| 942 ## - ADDED ENTRY ELEMENTS (KOHA) | |
| Koha item type | LIBRO |
| 957 ## - | |
| -- | 1 |
| 999 ## - SYSTEM CONTROL NUMBERS (KOHA) | |
| -- | 1 |
| Withdrawn status | Lost status | Damaged status | Not for loan | Home library | Current library | Date acquired | Total Checkouts | Full call number | Date last seen | Price effective from | Koha item type | Public note |
|---|---|---|---|---|---|---|---|---|---|---|---|---|
| Buone Condizioni | Not For Loan | SPICS-MEDIATECA | SPICS-MEDIATECA | 08/03/2013 | 94969 | 08/03/2013 | 08/03/2013 | LIBRO | Progressivo inserimento: 8773 / N. Volumi: 1 Copie: 1 / data import: 1 marzo 2013 - By Epidotti, Trombetti, Vaglietti. |